| 000 | 00892nam a2200241Ia 4500 | ||
|---|---|---|---|
| 999 |
_c55905 _d55905 |
||
| 001 | 23003 | ||
| 003 | GE_BSU | ||
| 005 | 20230623154009.0 | ||
| 008 | 181216s1974||||ge |||||||||||||| ||geo|| | ||
| 040 | _cGE_BSU | ||
| 041 | _ageo | ||
| 080 | _a821.353.1.09(075.8) ჭ-83 | ||
| 100 |
_aჭუმბურიძე, ჯ. _96295 |
||
| 245 |
_aქართული კრიტიკის ისტორია. ნაწ. 1 / _cჯ. ჭუმბურიძე. |
||
| 250 | _aმე-2 გამოცემა | ||
| 264 |
_aთბილისი : _bუნ-ტის გამ-ბა, _c1974. |
||
| 300 |
_a390 გვ. ; _c23 სმ. |
||
| 520 | _aრეზუმე რუსულ ენაზე | ||
| 541 | _h10 ლ. | ||
| 653 | _aქართული ენა | ||
| 653 | _aქართული კრიტიკის ისტორია. ნაწ. 1 | ||
| 942 |
_cBK _2udc |
||